000
00244 a2200085 4500
020
_a
978-81-19792-98-6
100
_a
Caleb Simmons, Malavika Murthy, Shivendra Urs, George Michell
245
_a
Mysuru Srirangapatna
260
_b
JAICO PUBLISHING
_c
2024
999
_c
13208
_d
13208